[Event "ENG-ch Schools"]
[Site "Nottingham"]
[Date "2025.06.25"]
[Round "1.2"]
[White "Pang, Ethan"]
[Black "Rebonato Scott, Sebastiano"]
[Result "1-0"]
[WhiteElo "2234"]
[BlackElo "1932"]
[PlyCount "53"]
[EventDate "2025.06.25"]
[EventType "team-swiss"]
[EventRounds "6"]
[EventCountry "ENG"]
[SourceTitle "CB27_2025"]
[SourceDate "2025.07.02"]
[SourceVersion "1"]
[SourceVersionDate "2025.07.02"]
[SourceQuality "1"]
[WhiteTeam "Westminster Under"]
[BlackTeam "Westminster"]
[WhiteTeamCountry "ENG"]
[BlackTeamCountry "ENG"]

1. e4 c6 2. d4 d5 3. e5 c5 4. c4 Nc6 5. Nf3 Bg4 6. cxd5 Bxf3 7. Qxf3 Nxd4 8. Qd1 Qxd5 9. Bb5+ Kd8 10. 0-0 e6 11. Nc3 Qxe5 12. Re1 Qd6 13. Qa4 Nf6 14. h3 Nd5 15. Be3 Nb6 16. Qa5 Be7 17. Red1 f5 18. Na4 Bf6 19. b4 c4 20. Nxb6 Ke7 21. Nxa8 Rxa8 22. Bxc4 f4 23. Bxd4 Bxd4 24. Qg5+ Kf8 25. Bxe6 Bxf2+ 26. Kxf2 Qb6+ 27. Qc5+ 1-0

[Event "Norway Chess op-A"]
[Site "Stavanger"]
[Date "2025.05.27"]
[Round "3"]
[White "Wang, Hao Yuan"]
[Black "Pang, Ethan"]
[Result "1-0"]
[WhiteElo "2418"]
[BlackElo "2226"]
[PlyCount "77"]
[EventDate "2025.05.27"]
[EventType "swiss"]
[EventRounds "9"]
[EventCountry "NOR"]
[SourceTitle "CB23_2025"]
[SourceDate "2025.06.04"]
[SourceVersion "1"]
[SourceVersionDate "2025.06.04"]
[SourceQuality "1"]

1. e4 c5 2. Nf3 e6 3. d4 cxd4 4. Nxd4 Nf6 5. Nc3 Nc6 6. Ndb5 d6 7. Bf4 e5 8. Bg5 a6 9. Na3 b5 10. Bxf6 gxf6 11. Nd5 f5 12. exf5 Bxf5 13. c3 Bg7 14. Nc2 0-0 15. Nce3 Be6 16. Bd3 f5 17. 0-0 Rc8 18. Qh5 e4 19. Bc2 Qe8 20. Qxe8 Rfxe8 21. Nf4 Bc4 22. Bb3 Na5 23. Bxc4+ Nxc4 24. Nxf5 Be5 25. Nd5 Rc5 26. Nfe7+ Kf7 27. b4 Rxd5 28. Nxd5 Rg8 29. f3 exf3 30. Rxf3+ Ke6 31. Nf4+ Ke7 32. Ne2 Rg4 33. a4 h5 34. axb5 axb5 35. Ra7+ Ke6 36. Rb7 Nd2 37. Rd3 Ne4 38. Rxb5 Rg5 39. Rb7 1-0

[Event "Fagernes op"]
[Site "Fagernes"]
[Date "2025.04.20"]
[Round "9"]
[White "Pang, Ethan"]
[Black "Khoo Thwe, Louis"]
[Result "0-1"]
[WhiteElo "2257"]
[BlackElo "2118"]
[PlyCount "52"]
[EventDate "2025.04.13"]
[EventType "swiss"]
[EventRounds "9"]
[EventCountry "NOR"]
[SourceTitle "CB17_2025"]
[SourceDate "2025.04.23"]
[SourceVersion "1"]
[SourceVersionDate "2025.04.23"]
[SourceQuality "1"]

1. e4 e5 2. Nf3 Nc6 3. Bc4 Bc5 4. c3 Nf6 5. d4 exd4 6. e5 d5 7. Be2 Ne4 8. cxd4 Bb6 9. 0-0 f6 10. exf6 Qxf6 11. Nc3 Be6 12. Be3 0-0-0 13. Qa4 g5 14. Nxe4 dxe4 15. Nxg5 Nxd4 16. Bc4 Bxc4 17. Qxc4 Rhg8 18. h4 Nf3+ 19. gxf3 Bxe3 20. fxe3 Rxg5+ 21. hxg5 Qxg5+ 22. Kh1 Qh6+ 23. Kg1 Qg5+ 24. Kh1 Qh4+ 25. Kg1 Qg3+ 26. Kh1 Rd6 0-1

[Event "Fagernes op"]
[Site "Fagernes"]
[Date "2025.04.18"]
[Round "7"]
[White "Pang, Ethan"]
[Black "Skaar, Ben Samuel Groth"]
[Result "1-0"]
[WhiteElo "2257"]
[BlackElo "2167"]
[PlyCount "53"]
[EventDate "2025.04.13"]
[EventType "swiss"]
[EventRounds "9"]
[EventCountry "NOR"]
[SourceTitle "CB17_2025"]
[SourceDate "2025.04.23"]
[SourceVersion "1"]
[SourceVersionDate "2025.04.23"]
[SourceQuality "1"]

1. e4 c5 2. Nf3 Nc6 3. Bb5 g6 4. 0-0 Bg7 5. c3 Nf6 6. Re1 0-0 7. d4 cxd4 8. cxd4 d5 9. e5 Ne4 10. Nc3 Nxc3 11. bxc3 Bg4 12. Ba3 Re8 13. h3 Bxf3 14. Qxf3 e6 15. Rab1 Bf8 16. Bxc6 bxc6 17. Rb7 Be7 18. g4 Rb8 19. Reb1 Rxb7 20. Rxb7 f5 21. exf6 Bxf6 22. g5 Be7 23. Bxe7 Rxe7 24. Qf6 Rd7 25. Qxe6+ Kf8 26. Rxd7 Qxg5+ 27. Qg4 1-0

[Event "Fagernes op"]
[Site "Fagernes"]
[Date "2025.04.14"]
[Round "2"]
[White "Berget, Eirik"]
[Black "Pang, Ethan"]
[Result "1/2-1/2"]
[WhiteElo "2041"]
[BlackElo "2257"]
[PlyCount "44"]
[EventDate "2025.04.13"]
[EventType "swiss"]
[EventRounds "9"]
[EventCountry "NOR"]
[SourceTitle "CB17_2025"]
[SourceDate "2025.04.23"]
[SourceVersion "1"]
[SourceVersionDate "2025.04.23"]
[SourceQuality "1"]

1. e4 c5 2. Nf3 Nc6 3. d4 cxd4 4. Nxd4 Nf6 5. Nc3 e5 6. Nf3 Bb4 7. Bc4 0-0 8. Bg5 h6 9. Bh4 Bxc3+ 10. bxc3 d6 11. h3 Qa5 12. Bxf6 Qxc3+ 13. Nd2 gxf6 14. Rb1 Nd4 15. Bb3 f5 16. 0-0 f4 17. Qh5 Kg7 18. Nc4 f3 19. Nxd6 Ne2+ 20. Kh2 Nf4 21. Ne8+ Kh7 22. Nf6+ Kg7 1/2-1/2

[Event "Titled Tuesday intern op 01st Apr Early"]
[Site "Chess.com INT"]
[Date "2025.04.01"]
[Round "5"]
[White "Safin, Robert"]
[Black "Pang, Ethan"]
[Result "1-0"]
[WhiteElo "2153"]
[BlackElo "2257"]
[PlyCount "71"]
[EventDate "2025.04.01"]
[EventType "swiss (blitz)"]
[EventRounds "11"]
[EventCountry "USA"]
[SourceTitle "CB15_2025"]
[SourceDate "2025.04.09"]
[SourceVersion "1"]
[SourceVersionDate "2025.04.09"]
[SourceQuality "1"]

1. e4 c5 2. b3 Nc6 3. Bb2 e5 4. Nf3 d6 5. Bc4 g6 6. 0-0 Bg7 7. h3 Nge7 8. Nc3 0-0 9. Nd5 a6 10. a4 Na5 11. Nxe7+ Qxe7 12. Bd5 Nc6 13. c3 Be6 14. d4 cxd4 15. cxd4 Rfd8 16. Bxe6 fxe6 17. d5 exd5 18. Qxd5+ Kh8 19. Ng5 Qxg5 20. f4 Qe7 21. f5 Nd4 22. fxg6 hxg6 23. Rf7 Qe6 24. Qxb7 Rab8 25. Qa7 Nc6 26. Qf2 Rf8 27. Rxf8+ Rxf8 28. Qe3 Nd4 29. Rc1 Kh7 30. Rc7 Qxb3 31. Bxd4 Qd1+ 32. Kh2 Qxd4 33. Qe1 g5 34. Qe2 Kg6 35. Qg4 Rf6 36. Qd7 1-0

[Event "Rilton Cup 52nd"]
[Site "Stockholm"]
[Date "2024.12.27"]
[Round "1"]
[White "Pang, Ethan"]
[Black "Hertlein, Irena"]
[Result "1/2-1/2"]
[WhiteElo "2300"]
[BlackElo "1982"]
[PlyCount "89"]
[EventDate "2024.12.27"]
[EventType "swiss"]
[EventRounds "9"]
[EventCountry "SWE"]
[SourceTitle "CB02_2025"]
[SourceDate "2025.01.08"]
[SourceVersion "1"]
[SourceVersionDate "2025.01.08"]
[SourceQuality "1"]

1. e4 c5 2. Nf3 Nc6 3. d4 cxd4 4. Nxd4 g6 5. c4 Nf6 6. Nc3 d6 7. Be2 Nxd4 8. Qxd4 Bg7 9. Be3 0-0 10. Qd2 Be6 11. f3 a5 12. Na4 Nd7 13. Rb1 Qc7 14. b3 Nc5 15. Nc3 Rfc8 16. 0-0 b6 17. Rfd1 Qc6 18. Rbc1 Qb7 19. Nb5 Bd7 20. Nc3 Bc6 21. Qc2 Bd7 22. Rb1 Be6 23. a3 Bxc3 24. Qxc3 a4 25. bxa4 Rxa4 26. e5 dxe5 27. Qxe5 f6 28. Qc3 Qa6 29. Bf2 Bxc4 30. Bxc4+ Rxc4 31. Qe3 Qa7 32. Qe2 Na4 33. Qe6+ Kg7 34. Re1 R4c7 35. Rb4 Nc5 36. Qe3 Rd7 37. Rh4 g5 38. Rc4 Ra8 39. a4 Nd3 40. Rb1 Nxf2 41. Qxf2 Rd6 42. h4 h6 43. hxg5 fxg5 44. Re1 b5 45. axb5 1/2-1/2

[Event "London Classic Superblitz Gp-A"]
[Site "London"]
[Date "2024.12.07"]
[Round "4"]
[White "Pang, Ethan"]
[Black "Harvey, Marcus Ross"]
[Result "0-1"]
[WhiteElo "2300"]
[BlackElo "2494"]
[PlyCount "116"]
[EventDate "2024.12.07"]
[EventType "tourn (blitz)"]
[EventRounds "7"]
[EventCountry "ENG"]
[EventCategory "10"]
[SourceTitle "CB04_2025"]
[SourceDate "2025.01.22"]
[SourceVersion "1"]
[SourceVersionDate "2025.01.22"]
[SourceQuality "1"]

1. e4 c6 2. d4 d5 3. exd5 cxd5 4. c4 Nf6 5. Nc3 g6 6. cxd5 Nxd5 7. Qb3 Nxc3 8. Bc4 e6 9. bxc3 Nc6 10. Nf3 Na5 11. Bb5+ Bd7 12. Qa4 Nc6 13. Qb3 Qb6 14. 0-0 Be7 15. Bd3 0-0 16. Be3 Rfc8 17. Rfb1 Qxb3 18. axb3 Bd6 19. Nd2 Bc7 20. Ne4 Be8 21. Nc5 b6 22. Ne4 Kg7 23. Bg5 f5 24. Ng3 h6 25. Bd2 Bf7 26. Bc4 Na5 27. Ba6 Rcb8 28. Bd3 Rd8 29. Ne2 e5 30. g3 Nxb3 31. Ra2 Nxd2 32. Rxd2 a5 33. Bb5 a4 34. Ra1 a3 35. Bc6 Ra5 36. Rc2 exd4 37. cxd4 Bd6 38. d5 Be5 39. Raa2 Rdxd5 40. Bxd5 Bxd5 41. Nc1 Bxa2 42. Rxa2 Bb2 43. Nd3 Rb5 44. Kg2 Rb3 45. Ne1 Rc3 46. Kf1 b5 47. Ke2 b4 48. Kd2 Rc8 49. Nd3 b3 50. Rxb2 axb2 51. Nxb2 Rc2+ 52. Kd1 Rxb2 53. Kc1 Rxf2 54. Kb1 Kf6 55. Kc1 Ke5 56. Kb1 Kd4 57. Kc1 Kc3 58. Kd1 b2 0-1

[Event "London Classic op 14th"]
[Site "London"]
[Date "2024.11.30"]
[Round "3"]
[White "Pang, Ethan"]
[Black "Fernandez, Michael"]
[Result "1/2-1/2"]
[WhiteElo "2303"]
[BlackElo "2138"]
[PlyCount "148"]
[EventDate "2024.11.29"]
[EventType "swiss"]
[EventRounds "9"]
[EventCountry "ENG"]
[SourceTitle "CB50_2024"]
[SourceDate "2024.11.01"]
[SourceVersion "1"]
[SourceVersionDate "2024.11.01"]
[SourceQuality "2"]

1. e4 c6 2. d4 d5 3. exd5 cxd5 4. c4 Nf6 5. Nc3 g6 6. cxd5 Nxd5 7. Bc4 Nb6 8. Bb3 Bg7 9. Nge2 0-0 10. 0-0 Bf5 11. Bf4 Nc6 12. Nb5 Na5 13. Bc2 Qd7 14. Bxf5 Qxb5 15. Be4 Qxb2 16. Bd2 Nc6 17. Bc3 Qa3 18. Qb1 Rfd8 19. Rd1 e6 20. Rd3 Qe7 21. Qb3 Rd7 22. Rad1 Rad8 23. Bb2 Qh4 24. Bf3 Nxd4 25. Nxd4 Bxd4 26. g3 Qf6 27. Bxd4 Rxd4 28. Rxd4 Rxd4 29. Rxd4 Qxd4 30. Bxb7 Nd5 31. Kg2 Kg7 32. Qa3 Nf6 33. Qf3 h5 34. Bc6 a5 35. Qe2 h4 36. Bf3 Nd7 37. Qe4 Qxe4 38. Bxe4 hxg3 39. hxg3 Nc5 40. Bc2 e5 41. Kf3 Kf6 42. Ke3 Ke6 43. Bd1 Kd5 44. Be2 f5 45. f4 e4 46. Bb5 Ne6 47. Be8 g5 48. Bf7 gxf4+ 49. gxf4 Kd6 50. Bg6 Ng7 51. Bf7 Ke7 52. Bc4 Nh5 53. Be2 Nf6 54. Kd4 Kd6 55. Ba6 Nh5 56. Bc8 Ng7 57. Ke3 Kc5 58. Ba6 Ne8 59. Bc8 Nd6 60. Be6 Kb4 61. Kd4 a4 62. Bd5 a3 63. Be6 Kb5 64. Bd7+ Ka5 65. Kc3 e3 66. Kd3 Kb4 67. Kxe3 Kc3 68. Be6 Kb2 69. Kd3 Nb7 70. Kc4 Kxa2 71. Kc3+ Ka1 72. Bxf5 Nc5 73. Bg6 a2 74. Bf7 Kb1 1/2-1/2

[Event "BCF-chT 2425 (4NCL)"]
[Site "England"]
[Date "2024.11.23"]
[Round "1.44"]
[White "Pert, Richard G"]
[Black "Pang, Ethan"]
[Result "1-0"]
[WhiteElo "2399"]
[BlackElo "2303"]
[PlyCount "81"]
[EventDate "2024.11.23"]
[EventType "team-swiss"]
[EventRounds "11"]
[EventCountry "ENG"]
[SourceTitle "CB48_2024"]
[SourceDate "2024.11.28"]
[SourceVersion "1"]
[SourceVersionDate "2024.11.28"]
[SourceQuality "1"]
[WhiteTeam "Cheddleton"]
[BlackTeam "Barnet Knights"]
[WhiteTeamCountry "ENG"]
[BlackTeamCountry "ENG"]

1. d4 Nf6 2. Nf3 e6 3. Bf4 c5 4. e3 Nc6 5. Nc3 Qa5 6. Nd2 cxd4 7. Nc4 Qd8 8. exd4 Bb4 9. Nd6+ Ke7 10. Ndb5 Nd5 11. Bd2 Nf6 12. d5 exd5 13. a3 Bxc3 14. Bxc3 Re8 15. Be2 a6 16. Bxf6+ Kxf6 17. Nc3 Ke7 18. Qxd5 Kf8 19. 0-0-0 Re5 20. Qd3 Qg5+ 21. Kb1 Qg6 22. f4 Qxd3 23. Bxd3 Re8 24. Be4 g6 25. Bf3 Rb8 26. Nd5 Rd8 27. Rhe1 Kg7 28. Nb6 d6 29. Nc4 Be6 30. Nxd6 Na5 31. b4 Nc4 32. Rxe6 Nxa3+ 33. Kb2 fxe6 34. Kxa3 b6 35. c4 Rf8 36. Rd4 Rfd8 37. c5 bxc5 38. bxc5 Kf6 39. c6 e5 40. fxe5+ Kxe5 41. Rd5+ 1-0

[Event "Budapest Vezerkepzo IM 10"]
[Site "Budapest"]
[Date "2024.10.27"]
[Round "10"]
[White "Czebe, Attila"]
[Black "Pang, Ethan"]
[Result "1/2-1/2"]
[WhiteElo "2299"]
[BlackElo "2233"]
[PlyCount "49"]
[EventDate "2024.10.20"]
[EventType "tourn"]
[EventRounds "10"]
[EventCountry "HUN"]
[EventCategory "3"]
[SourceTitle "CB45_2024"]
[Source "ChessBase"]
[SourceDate "2024.11.06"]
[SourceVersion "1"]
[SourceVersionDate "2024.11.06"]
[SourceQuality "1"]

1. Nf3 c5 2. g3 Nc6 3. d4 cxd4 4. Nxd4 g6 5. Bg2 Bg7 6. Nxc6 bxc6 7. 0-0 d5 8. c4 e6 9. Nc3 Ne7 10. cxd5 cxd5 11. Be3 0-0 12. Qd2 Bb7 13. Bh6 Qd7 14. Bxg7 Kxg7 15. Rfd1 Rfd8 16. Ne4 Qc7 17. Rac1 Qb6 18. Qc3+ d4 19. Qa3 Ng8 20. Qc5 Qxc5 21. Rxc5 Rab8 22. b3 Ne7 23. Nd2 Bxg2 24. Kxg2 Nd5 25. Nf3 1/2-1/2

[Event "Budapest Vezerkepzo IM 10"]
[Site "Budapest"]
[Date "2024.10.26"]
[Round "9"]
[White "Pang, Ethan"]
[Black "Bokros, Albert"]
[Result "1/2-1/2"]
[WhiteElo "2233"]
[BlackElo "2409"]
[PlyCount "33"]
[EventDate "2024.10.20"]
[EventType "tourn"]
[EventRounds "10"]
[EventCountry "HUN"]
[EventCategory "3"]
[SourceTitle "CB45_2024"]
[Source "ChessBase"]
[SourceDate "2024.11.06"]
[SourceVersion "1"]
[SourceVersionDate "2024.11.06"]
[SourceQuality "1"]

1. e4 c5 2. Nf3 e6 3. d4 cxd4 4. Nxd4 Nf6 5. Nc3 Nc6 6. Ndb5 d6 7. Bf4 e5 8. Bg5 a6 9. Na3 b5 10. Bxf6 gxf6 11. Nd5 Bg7 12. c3 f5 13. exf5 Bxf5 14. Nc2 0-0 15. Nce3 Bd7 16. Bd3 f5 17. Bc2 1/2-1/2

[Event "Budapest Vezerkepzo IM 10"]
[Site "Budapest"]
[Date "2024.10.25"]
[Round "7"]
[White "Md, Imran"]
[Black "Pang, Ethan"]
[Result "1-0"]
[WhiteElo "2391"]
[BlackElo "2233"]
[PlyCount "65"]
[EventDate "2024.10.20"]
[EventType "tourn"]
[EventRounds "10"]
[EventCountry "HUN"]
[EventCategory "3"]
[SourceTitle "CB45_2024"]
[Source "ChessBase"]
[SourceDate "2024.11.06"]
[SourceVersion "1"]
[SourceVersionDate "2024.11.06"]
[SourceQuality "1"]

1. d4 d5 2. Nc3 c5 3. e4 dxe4 4. Bb5+ Nd7 5. dxc5 a6 6. Ba4 Qc7 7. Nxe4 Qe5 8. Qe2 e6 9. Nf3 Qc7 10. b4 a5 11. a3 Be7 12. Bb2 Kf8 13. 0-0 Ngf6 14. Rfd1 Nxe4 15. Qxe4 Bf6 16. Bxf6 Nxf6 17. Qd4 Qe7 18. Ne5 g6 19. b5 Kg7 20. b6 Rf8 21. c4 h5 22. Rd3 Kh7 23. Rad1 Ng8 24. Qd6 f6 25. Nd7 Rf7 26. c6 e5 27. c5 Bxd7 28. Qxe7 Rxe7 29. cxb7 Rb8 30. Rxd7 Rxb7 31. Rxe7+ Rxe7 32. Rd7 f5 33. b7 1-0

[Event "Budapest Vezerkepzo IM 10"]
[Site "Budapest"]
[Date "2024.10.24"]
[Round "6"]
[White "Pang, Ethan"]
[Black "Pacher, Milan"]
[Result "1/2-1/2"]
[WhiteElo "2233"]
[BlackElo "2309"]
[PlyCount "115"]
[EventDate "2024.10.20"]
[EventType "tourn"]
[EventRounds "10"]
[EventCountry "HUN"]
[EventCategory "3"]
[SourceTitle "CB45_2024"]
[Source "ChessBase"]
[SourceDate "2024.11.06"]
[SourceVersion "1"]
[SourceVersionDate "2024.11.06"]
[SourceQuality "1"]

1. e4 e5 2. Nf3 Nf6 3. Nxe5 Nxe4 4. Qe2 Qe7 5. Qxe4 d6 6. d4 dxe5 7. dxe5 Nc6 8. Nc3 Qxe5 9. Qxe5+ Nxe5 10. Bf4 Bd6 11. Bg3 h5 12. h4 Bg4 13. Nb5 0-0-0 14. Nxd6+ Rxd6 15. f3 Re8 16. Be2 Bd7 17. Rd1 Rg6 18. Bxe5 Rxe5 19. Kf2 Rxg2+ 20. Kxg2 Rxe2+ 21. Kg3 Rxc2 22. Rh2 Rxh2 23. Kxh2 Be6 24. a3 c5 25. Kg3 Kc7 26. Kf4 Kc6 27. Kg5 g6 28. Kf6 Kb5 29. Rc1 c4 30. f4 Ka4 31. Rc3 b5 32. Ke5 a5 33. Kd4 b4 34. axb4 axb4 35. Re3 c3 36. Re2 cxb2 37. Rxb2 Ka3 38. Rf2 Bf5 39. Kc4 b3 40. Kc3 Bc2 41. Re2 Ka2 42. Re7 Kb1 43. Re1+ Ka2 44. Rf1 Bf5 45. Rf2+ Bc2 46. Re2 Kb1 47. Re1+ Ka2 48. Re7 Kb1 49. Ra7 Bd1 50. Ra8 Bf3 51. Rb8 Bd5 52. Rb5 Be6 53. Re5 Ka1 54. Re1+ Ka2 55. Rd1 Bf5 56. Rd2+ Bc2 57. Re2 Kb1 58. Re1+ 1/2-1/2

[Event "Budapest Vezerkepzo IM 10"]
[Site "Budapest"]
[Date "2024.10.20"]
[Round "1"]
[White "Pacher, Milan"]
[Black "Pang, Ethan"]
[Result "1/2-1/2"]
[WhiteElo "2309"]
[BlackElo "2233"]
[PlyCount "68"]
[EventDate "2024.10.20"]
[EventType "tourn"]
[EventRounds "10"]
[EventCountry "HUN"]
[EventCategory "3"]
[SourceTitle "CB45_2024"]
[Source "ChessBase"]
[SourceDate "2024.11.06"]
[SourceVersion "1"]
[SourceVersionDate "2024.11.06"]
[SourceQuality "1"]

1. d4 Nf6 2. c4 e6 3. Nc3 Bb4 4. e3 b6 5. Nf3 Bb7 6. Bd3 0-0 7. 0-0 Bxc3 8. bxc3 Be4 9. a4 c5 10. Qe2 Bxd3 11. Qxd3 d5 12. cxd5 Qxd5 13. a5 Nc6 14. axb6 axb6 15. Rb1 e5 16. e4 Qxe4 17. Qxe4 Nxe4 18. Rxb6 Rac8 19. d5 Na5 20. Nxe5 f6 21. Nc6 Nxc6 22. dxc6 Nxc3 23. Ba3 Nd5 24. Ra6 Nc7 25. Ra5 Ne6 26. Bxc5 Rfe8 27. Be3 Rxc6 28. g3 Rc7 29. Rfa1 Kf7 30. h4 Nf8 31. Ra7 Rxa7 32. Rxa7+ Re7 33. Rxe7+ Kxe7 34. Bc5+ Kf7 1/2-1/2

[Event "Budapest Vezerkepzo IM 08"]
[Site "Budapest"]
[Date "2024.09.02"]
[Round "8"]
[White "Pang, Ethan"]
[Black "Neverov, Valeriy"]
[Result "0-1"]
[WhiteElo "2214"]
[BlackElo "2412"]
[PlyCount "70"]
[EventDate "2024.08.28"]
[EventType "tourn"]
[EventRounds "11"]
[EventCountry "HUN"]
[SourceTitle "EXT 2025"]
[Source "ChessBase"]
[SourceDate "2024.10.14"]
[SourceVersion "1"]
[SourceVersionDate "2024.10.14"]
[SourceQuality "1"]

1. e4 c5 2. Nf3 e6 3. d4 cxd4 4. Nxd4 a6 5. c4 Nf6 6. Nc3 Bb4 7. Qd3 0-0 8. f3 d5 9. exd5 exd5 10. Nc2 Nc6 11. Be3 Qa5 12. Qd2 Bf5 13. Nxb4 Nxb4 14. Rc1 Rad8 15. a3 d4 16. axb4 dxe3 17. Qxe3 Qxb4 18. Be2 Rfe8 19. Qf2 Rxe2+ 20. Qxe2 Re8 21. Qxe8+ Nxe8 22. 0-0 Qxb2 23. Nd5 Be6 24. Rfe1 h5 25. Kh1 Bxd5 26. cxd5 Nd6 27. Rcd1 h4 28. h3 a5 29. Ra1 Qb5 30. Re5 a4 31. Rh5 Qb4 32. Rg5 a3 33. Rg4 Qc3 34. Rg1 b5 35. Rxh4 a2 0-1

[Event "Budapest Vezerkepzo IM 08"]
[Site "Budapest"]
[Date "2024.08.28"]
[Round "1"]
[White "Jakab, Attila"]
[Black "Pang, Ethan"]
[Result "1/2-1/2"]
[WhiteElo "2252"]
[BlackElo "2214"]
[PlyCount "78"]
[EventDate "2024.08.28"]
[EventType "tourn"]
[EventRounds "11"]
[EventCountry "HUN"]
[SourceTitle "EXT 2025"]
[Source "ChessBase"]
[SourceDate "2024.10.14"]
[SourceVersion "1"]
[SourceVersionDate "2024.10.14"]
[SourceQuality "1"]

1. d4 d5 2. c4 dxc4 3. Nf3 Nf6 4. e3 e6 5. Bxc4 c5 6. 0-0 Nc6 7. Nc3 a6 8. a3 b5 9. Ba2 Bb7 10. Qc2 Bd6 11. Rd1 Qe7 12. dxc5 Bxc5 13. b4 Bd6 14. Bb2 0-0 15. h3 Ne5 16. Nxe5 Bxe5 17. Rd3 Rfd8 18. Rad1 Rac8 19. Rxd8+ Rxd8 20. Rd2 h6 21. Qd1 Rd7 22. Bb1 Qd8 23. Rxd7 Qxd7 24. Qxd7 Nxd7 25. Nd1 Bd6 26. Bd3 Ne5 27. Be2 Bd5 28. f3 Bc4 29. Bxc4 Nxc4 30. Bc1 Kf8 31. Kf2 Ke7 32. Ke2 Kd7 33. Kd3 Kc6 34. Nc3 Kb6 35. Ne4 Be7 36. Nd2 Nxd2 37. Bxd2 Kc6 38. Bc3 f6 39. e4 Bd6 1/2-1/2

[Event "Titled Tuesday intern op 06th Aug Early"]
[Site "Chess.com INT"]
[Date "2024.08.06"]
[Round "4"]
[White "Badacsonyi, Stanley Ethan Artie"]
[Black "Pang, Ethan"]
[Result "1-0"]
[WhiteElo "2179"]
[BlackElo "2266"]
[PlyCount "93"]
[EventDate "2024.08.06"]
[EventType "swiss (blitz)"]
[EventRounds "11"]
[EventCountry "USA"]
[SourceTitle "EXT 2025"]
[Source "ChessBase"]
[SourceDate "2024.10.14"]
[SourceVersion "1"]
[SourceVersionDate "2024.10.14"]
[SourceQuality "1"]

1. d4 d5 2. c4 c6 3. cxd5 cxd5 4. Bf4 Nc6 5. e3 Nf6 6. Nc3 a6 7. Be2 Bf5 8. Nf3 h6 9. h3 e6 10. Qb3 Be7 11. Qxb7 Na5 12. Qc7 0-0 13. Qxd8 Bxd8 14. Bd6 Re8 15. Ne5 Nb7 16. Bb4 Bc7 17. Rc1 Bxe5 18. dxe5 Nd7 19. f4 Rec8 20. Kd2 Nb6 21. b3 Nc5 22. Bxc5 Rxc5 23. Bd3 Bxd3 24. Kxd3 a5 25. Ne2 Rxc1 26. Rxc1 a4 27. Nd4 Kf8 28. Rc7 g6 29. g4 Kg8 30. Rb7 Ra6 31. Nb5 Na8 32. Nd6 Rb6 33. Ra7 Rb8 34. Rxa4 Nb6 35. Ra7 Rf8 36. a4 Nc8 37. Ra8 Nxd6 38. Rxf8+ Kxf8 39. exd6 Ke8 40. a5 Kd7 41. a6 Kc6 42. a7 Kb7 43. d7 Kxa7 44. d8Q Kb7 45. Qf6 Kc6 46. Qxf7 Kc5 47. Qxe6 1-0

[Event "Titled Tuesday intern op 06th Aug Early"]
[Site "Chess.com INT"]
[Date "2024.08.06"]
[Round "6"]
[White "Balint, Peter1"]
[Black "Pang, Ethan"]
[Result "1-0"]
[WhiteElo "2336"]
[BlackElo "2266"]
[PlyCount "161"]
[EventDate "2024.08.06"]
[EventType "swiss (blitz)"]
[EventRounds "11"]
[EventCountry "USA"]
[SourceTitle "EXT 2025"]
[Source "ChessBase"]
[SourceDate "2024.10.14"]
[SourceVersion "1"]
[SourceVersionDate "2024.10.14"]
[SourceQuality "1"]

1. e4 c5 2. Nf3 Nf6 3. Nc3 Nc6 4. d4 d5 5. exd5 Nxd5 6. Nxd5 Qxd5 7. dxc5 Qxd1+ 8. Kxd1 e5 9. Be3 f6 10. c3 Be6 11. Kc2 g5 12. Nd2 Be7 13. Bd3 f5 14. f3 0-0-0 15. b4 Bf6 16. Rhd1 Kc7 17. a3 Rd7 18. Bf2 Rhd8 19. Nf1 e4 20. fxe4 fxe4 21. Be2 Ne5 22. Bg3 Kc8 23. Ne3 Nd3 24. Bg4 Bxg4 25. Nxg4 Bg7 26. Ne3 Rf7 27. Rf1 Rdf8 28. Rxf7 Rxf7 29. Rf1 Rd7 30. Nc4 Kd8 31. Nd6 Re7 32. Nxe4 Nxb4+ 33. axb4 Rxe4 34. Rf7 Re7 35. Rxe7 Kxe7 36. Kd3 Ke6 37. Kc4 Kd7 38. b5 a6 39. c6+ Kc8 40. bxa6 bxa6 41. Bf2 a5 42. Bd4 Bf8 43. Kb5 a4 44. Kxa4 Bd6 45. h3 Kc7 46. Kb5 Bg3 47. c4 h5 48. c5 g4 49. hxg4 hxg4 50. Bc3 Bf2 51. Ba5+ Kc8 52. Kc4 Be3 53. Kd5 Bf2 54. Bb6 Bg3 55. Ke4 Bb8 56. Kf5 g3 57. Kg4 Be5 58. Ba5 Bd4 59. Kxg3 Bxc5 60. Kf3 Bd4 61. Ke4 Bf6 62. g4 Bg7 63. Kf5 Bb2 64. Kg6 Bd4 65. g5 Kb8 66. Kf7 Ka7 67. g6 Kb8 68. g7 Bxg7 69. Kxg7 Kc8 70. Kf7 Kb8 71. Ke7 Kc8 72. Kd6 Kb8 73. Kd7 Ka8 74. c7 Ka7 75. Be1 Kb6 76. Bf2+ Ka5 77. c8Q Kb4 78. Qc5+ Ka4 79. Qb6 Ka3 80. Bd4 Ka2 81. Qb2# 1-0

[Event "BCF-ch"]
[Site "Hull"]
[Date "2024.08.02"]
[Round "7"]
[White "Kalaiyalahan, Akshaya"]
[Black "Pang, Ethan"]
[Result "1/2-1/2"]
[WhiteElo "2137"]
[BlackElo "2212"]
[PlyCount "68"]
[EventDate "2024.07.27"]
[EventType "swiss"]
[EventRounds "9"]
[EventCountry "ENG"]
[SourceTitle "CBM 221 Extra"]
[Source "ChessBase"]
[SourceDate "2024.09.30"]
[SourceVersion "1"]
[SourceVersionDate "2024.09.30"]
[SourceQuality "1"]

1. Nf3 c5 2. c4 Nc6 3. d4 cxd4 4. Nxd4 Qb6 5. Nb3 e6 6. Nc3 Nf6 7. e4 Bb4 8. Be3 Qc7 9. f3 0-0 10. Kf2 Rd8 11. Nb5 Qb8 12. a3 Be7 13. Nc3 d5 14. cxd5 exd5 15. Nxd5 Nxd5 16. exd5 Be6 17. Qc2 Bxd5 18. Bd3 h6 19. Rad1 Bf6 20. Rd2 Kh8 21. Qd1 Qe5 22. f4 Qe7 23. Re1 Qc7 24. Kg1 Re8 25. Bc2 Ne7 26. Nd4 a6 27. Bb1 Rad8 28. g3 Kg8 29. Qc2 Qxc2 30. Bxc2 Nc6 31. Nxc6 Bxc6 32. Rxd8 Rxd8 33. b3 Bc3 34. Rd1 Rxd1+ 1/2-1/2

[Event "Budapest Vezerkepzo IM 07"]
[Site "Budapest"]
[Date "2024.07.15"]
[Round "5"]
[White "Pang, Ethan"]
[Black "Padhye, Rohan"]
[Result "1/2-1/2"]
[WhiteElo "2212"]
[BlackElo "2205"]
[PlyCount "104"]
[EventDate "2024.07.12"]
[EventType "tourn"]
[EventRounds "9"]
[EventCountry "HUN"]
[SourceTitle "CBM 221 Extra"]
[Source "ChessBase"]
[SourceDate "2024.09.30"]
[SourceVersion "1"]
[SourceVersionDate "2024.09.30"]
[SourceQuality "1"]

1. e4 e5 2. Nf3 Nc6 3. Bc4 Nf6 4. d4 exd4 5. 0-0 Nxe4 6. Re1 d5 7. Bxd5 Qxd5 8. Nc3 Qd7 9. Nxe4 Be7 10. Bg5 0-0 11. Bxe7 Qxe7 12. Nxd4 Bd7 13. Nb3 Rae8 14. Nec5 Qxe1+ 15. Qxe1 Rxe1+ 16. Rxe1 Bc8 17. Ne4 Bf5 18. c3 b6 19. Ned2 f6 20. Nf3 Kf7 21. Nbd4 Nxd4 22. Nxd4 Bd7 23. Rd1 c5 24. Nc2 Be6 25. Ne3 Re8 26. a3 Re7 27. Rd2 g5 28. f3 h5 29. Kf2 h4 30. g3 hxg3+ 31. hxg3 Re8 32. Rd1 Rh8 33. Kg2 Bh3+ 34. Kf2 Be6 35. Kg2 Ke7 36. Nd5+ Bxd5 37. Rxd5 Ke6 38. c4 Rh7 39. Kg1 Rh3 40. Kg2 Rh7 41. Kg1 Rh3 42. Kg2 Rh8 43. Kg1 a5 44. a4 g4 45. f4 f5 46. b3 Rc8 47. Kf2 Rc7 48. Re5+ Kf6 49. Rd5 Rc6 50. Rd8 Ke7 51. Rd5 Rf6 52. Kg2 Ke6 1/2-1/2